Warriors-Characters of the Series Quiz Stats

 Plays Quiz not verified by Sporcle

Challenge
Share
Tweet
Embed
Score 0/40 Timer 15:00
0 Plays Today
% Correct
Firestar
100%
Graystripe
77.8%
Sandstorm
55.6%
Bramblestar
33.3%
Mistystar
33.3%
Hollyleaf
33.3%
Dovewing
33.3%
Tigerheart
33.3%
Blackstar
22.2%
Onestar
22.2%
Squirrelflight
22.2%
Jayfeather
22.2%
Littlecloud
22.2%
Kestrelflight
22.2%
Mothwing
22.2%
Leafpool
22.2%
Lionblaze
22.2%
Ivypool
22.2%
Tawnypelt
22.2%
Flametail
22.2%
% Correct
Crowfeather
22.2%
Nightcloud
22.2%
Breezepelt
22.2%
Willowshine
22.2%
Leafstar
11.1%
Rowanclaw
11.1%
Ashfoot
11.1%
Reedwhisker
11.1%
Dawnpelt
11.1%
Sharpclaw
0%
Echosong
0%
Rippletail
0%
Beetlewhisker
0%
Heronpaw
0%
Cherrytail
0%
Billystorm
0%
Firekit
0%
Harveymoon
0%
Ebonyclaw
0%
Lichenfur
0%

You're not logged in!

Compare scores with friends on all Sporcle quizzes.
Join for Free
OR
Log In

You Might Also Like...

Show Comments

Extras

Created Jan 17, 2013ReportNominate

Top Quizzes Today


Score Distribution

Your Account Isn't Verified!

In order to create a playlist on Sporcle, you need to verify the email address you used during registration. Go to your Sporcle Settings to finish the process.

Report this User

Report this user for behavior that violates our Community Guidelines.

Details: